Click Quiz: Quote to Movie Title #4: Pixar Movies - Statistics

General Stats
  • This quiz has been taken 113 times
  • The average score is 5 of 15
Answer Stats
Hint Answer % Correct
"Just keep swimming" Finding Nemo
89%
"Our fate lives within us. You only have to be brave enough to see it" Brave
61%
"This isn't flying. It's falling with style" Toy Story
57%
"Thanks for the adventure. Now go have a new one" Up
40%
"I never look back, darling. It distracts me from the now" The Incredibles
36%
"You and I are a team. Nothing is more important than our friendship" Monsters, Inc.
31%
"I read somewhere that an empty room is an opportunity" Inside Out
27%
"I don’t want to survive. I wanna live" WALL-E
24%
“I wanted to give the folks a little sizzle" Cars
23%
"The rest of the world may follow the rules, but I must follow my heart" Coco
21%
"We underdogs have to look out for each other" Luca
21%
"Don't fear failure. Be afraid of not having the chance" Cars 3
17%
"Life is full of possibilities. You just need to know where to look" Soul
17%
""If you focus on what you left behind you will never see what lies ahead" Ratatouille
15%
"Sometimes you gotta get through your fears to see the beauty on the other side" The Good Dinosaur
15%
No matching quizzes found
Score Distribution
Percent of People with Each Score
Percentile by Number Answered
Your Score History
You have not taken this quiz